00737nam a22002417a 45000010005000000030006000050050017000110080041000280200015000690400029000840500012001130820017001251000022001422450056001642600038002203000044002584900025003025050008003275200095003355210020004305210020004506500025004705071FISKH20241104164218.0241104b cb ||||| |||| 00| 0 eng d a059043800X aFISKHbengcFISKHdFISKH aD805.A2 a940.54720922 aSullivan, George  aGreat Escapes of World War II /cby George Sullivan aNew York : bScholastic ;c1988.  a132 pages :billustrations ;c18 cm .  aScholastic Biography aU  aContains the true stories of seven daring escapes by prisoners of war during World War II.8 a860 bLexile 8 aU bRaz-Plus  aescapesvnon-fiction